La grammaire : Méthodes et notions (notice n° 1982688)
[ vue normale ]
| 000 -LEADER | |
|---|---|
| fixed length control field | 01063cam a2200133 4500500 |
| 005 - DATE AND TIME OF LATEST TRANSACTION | |
| control field | 20260329043048.0 |
| 041 ## - LANGUAGE CODE | |
| Language code of text/sound track or separate title | fre |
| 042 ## - AUTHENTICATION CODE | |
| Authentication code | dc |
| 100 10 - MAIN ENTRY--PERSONAL NAME | |
| Personal name | Gardes Tamine, Joëlle |
| Relator term | author |
| 245 00 - TITLE STATEMENT | |
| Title | La grammaire : Méthodes et notions |
| 260 ## - PUBLICATION, DISTRIBUTION, ETC. | |
| Name of publisher, distributor, etc. | Armand Colin,<br/> |
| Date of publication, distribution, etc. | 2012.<br/> |
| 520 ## - SUMMARY, ETC. | |
| Summary, etc. | Cet ouvrage présente la grammaire de manière à la fois simple et approfondie, en explicitant ses options et ses démarches. Dès la première année de licence, les étudiants trouveront les outils de base qui leur permettront de pratiquer la discipline de manière active. Un exposé réduit au savoir fondamental, assorti de définitions, références, extraits de réflexions de grammairiens et de linguistes, et de très nombreuses applications leur permettront de travailler de manière personnelle, à leur rythme et selon leur niveau de connaissance. Joëlle Gardes Tamine est professeur de linguistique et de philologie à l'université de Paris-Sorbonne. |
| 856 41 - ELECTRONIC LOCATION AND ACCESS | |
| Uniform Resource Identifier | <a href="https://shs.cairn.info/la-grammaire--9782200276492?lang=fr&redirect-ssocas=7080">https://shs.cairn.info/la-grammaire--9782200276492?lang=fr&redirect-ssocas=7080</a> |
Pas d'exemplaire disponible.




Réseaux sociaux